000 00629nam a2200229Ia 4500
003 OSt
005 20220928133302.0
006 a|||||r|||| 00| 0
007 ta
008 220927b |||||||| |||| 00| 0 hin d
024 _a49948
037 _cTextual
040 _aSDCL
_cSDCL
_bhin
041 _2hin
_ahin
082 _aV5,94'I8, L8.1-.2
100 _aOman Charles
_9485105
245 0 _aHistory of the art of war in the middle ages.
260 _aLondon
_bMethuen
_c1978
490 _vV1:A D 378-1278.xv,526p.
942 _hV5,94'I8, L8.1-.2
_cTEXL
_2CC
999 _c798954
_d798954